| 000 | 00977nam a2200229 4500 | ||
|---|---|---|---|
| 001 | 144662 | ||
| 003 | ES-MaACL | ||
| 005 | 20230906201053.0 | ||
| 007 | t| | ||
| 008 | 070214s1966 sp r ||||1| spa d | ||
| 110 | 2 |
_aCurso de Altos Estudios Internacionales ( _cMadrid ( _d1966). _n13ª) _9221039 |
|
| 245 | 1 | 0 |
_aTreinta y tres años de vida internacional / _cJosé María Cordero Torres. Estrategia nuclear y relaciones internacionales / por Jesús Salgado Alba. |
| 260 |
_aMadrid : _bSociedad de Estudios Internacionales, _c1966. |
||
| 300 |
_a125 p. ; _c20 cm. |
||
| 500 | _aPrecede al tít.: Inauguración del XIII Curso. Sociedad de Estudios Internacionales. | ||
| 700 | 1 |
_aCordero Torres, José María, _d1909-1977 _940527 |
|
| 700 | 1 |
_aSalgado Alba, Jesús. _9101899 |
|
| 710 | 2 |
_aSociedad de Estudios Internacionales. _96668 |
|
| 740 | 0 | _aEstrategia nuclear y relaciones internacionales. | |
| 852 |
_aES-MaACL _jC-30803 _bR.61513 |
||
| 999 |
_c144662 _d144662 |
||